| 000 | 00634nam a2200253 a 4500 | ||
|---|---|---|---|
| 001 | 30317 | ||
| 003 | AR-BaAGN | ||
| 005 | 20240628101233.0 | ||
| 007 | ta | ||
| 008 | 220625s1966 ag |||||r|||| ||||||spa d | ||
| 040 |
_dAR-BaAGN _aAR-BaAGN _bspa _eaacr |
||
| 100 | 1 |
_aPuiggrós, Rodolfo, _d1895-1958 |
|
| 245 | 1 | 0 | _aLos orígenes de la filosofía |
| 250 | _a1ª ed. | ||
| 260 |
_aBuenos Aires : _bJorge Alvarez, _c1966. |
||
| 300 | _a241 páginas | ||
| 336 |
_2rdacontent _btxt |
||
| 337 |
_2rdamedia _bn |
||
| 338 |
_2rdacarrier _bnc |
||
| 650 | 4 |
_aFILOSOFÍA _91702 |
|
| 942 | _cLIBRO | ||
| 999 |
_c30317 _d30317 |
||